| 000 | 00663nam a2200229 u 4500 | ||
|---|---|---|---|
| 005 | 20240925070033.0 | ||
| 008 | 131009s2000 r 000 0 eng d | ||
| 020 | _a9788431659417 | ||
| 035 | _aUPN01000193617 | ||
| 049 | _aCG | ||
| 050 | 4 |
_aPT2688 I4.6 _bT3.5 |
|
| 100 | 1 |
_aZimnik, Reiner, _d1930- _934487 |
|
| 245 | 1 | 4 |
_aLos tambores / _cReiner Zimnik ; tr. Genveva Dieterich. |
| 260 |
_aBarcelona, Esp. : _bVicens Vives, _c2000. |
||
| 300 |
_a75 p. : _bil. |
||
| 440 | 0 |
_aCucaña ; _v11 |
|
| 534 |
_pTítulo original: _tDie Trommler |
||
| 650 | 4 |
_aLiteratura juvenil alemana _912357 |
|
| 650 | 4 |
_aUtopías _917449 |
|
| 905 | _aLibro | ||
| 999 |
_c165718 _d165718 |
||